(Ne)končiaca diskusia nad slovenskou rozhodovacou praxou: vymedzenie hranice právomocí sektorového regulátora a súťažnej autority
Rozhodnutia Protimonopolného úradu (PMÚ SR) vo veci zneužívania dominantného postavenia, ktorých nosným problémom bola aj otázka kompetencie PMÚ SR konať a aplikovať súťažné pravidlá v oblastiach, ktoré podliehajú regulácii osobitného sektorového regulátora. Stručné vymedzenie pojmov ex ante a ex po...
Guardado en:
| Autor principal: | |
|---|---|
| Formato: | Capítulo de libro |
| Lenguaje: | eslovaco |
| Materias: | |
| Etiquetas: |
Sin Etiquetas, Sea el primero en etiquetar este registro!
|
MARC
| LEADER | 00000naa a2200000 4500 | ||
|---|---|---|---|
| 001 | 0162012 | ||
| 005 | 20231128124352.5 | ||
| 041 | 0 | |a slo | |
| 044 | |a CZ | ||
| 245 | 1 | 0 | |a (Ne)končiaca diskusia nad slovenskou rozhodovacou praxou: vymedzenie hranice právomocí sektorového regulátora a súťažnej autority |c Andrea Oršulová |
| 520 | |a Rozhodnutia Protimonopolného úradu (PMÚ SR) vo veci zneužívania dominantného postavenia, ktorých nosným problémom bola aj otázka kompetencie PMÚ SR konať a aplikovať súťažné pravidlá v oblastiach, ktoré podliehajú regulácii osobitného sektorového regulátora. Stručné vymedzenie pojmov ex ante a ex post regulácia. Subsiadiárna kompetencia PMÚ SR vo vzťahu ex ante regulácii. Paralelná aplikácia ex post a ex ante regulácie. | ||
| 610 | 2 | 0 | |a súťaž hospodárska |
| 610 | 2 | 0 | |a firmy |
| 610 | 2 | 0 | |a regulácia |
| 610 | 2 | 0 | |a právo |
| 610 | 2 | 0 | |a úrady |
| 610 | 2 | 0 | |a monopoly |
| 610 | 2 | 0 | |a správanie |
| 100 | 1 | |a Oršulová, Andrea | |